| 000 | 01104nam a2200241 a 4500 | ||
|---|---|---|---|
| 001 | 44186 | ||
| 003 | BD-RjUL | ||
| 005 | 20211209053819.0 | ||
| 008 | 160714s1961 ii ||||| |||| 00| 0 ben d | ||
| 035 | _a(BD-RjUL)44304 | ||
| 040 |
_aBD-RjUL _beng _cBD-RjUL _dBD-RjUL |
||
| 041 | _aben | ||
| 082 |
_223 _a891.4414 _bGUP 1961 |
||
| 100 |
_aগুপ্ত, নলিনীকান্ত _9135675 |
||
| 245 | 1 | 0 |
_aরবীন্দ্রনাথ / _cনলিনীকান্ত গুপ্ত |
| 250 | _aপরিবর্ধিত সং. | ||
| 260 |
_aকলিকাতা : _bইষ্টলাইট বুক হাউস, _c১৯৬১ [১৩৬৮] |
||
| 300 |
_a১৬২ পৃ. ; _c১৮ সেমি. |
||
| 500 | _a"রবীন্দ্রজন্মশতবর্ষপূর্তি সংস্করণ" | ||
| 600 |
_aঠাকুর, রবীন্দ্রনাথ, _d১৮৬১-১৯৪১ _xসমালোচনা ও ব্যাখ্যা _9135687 |
||
| 600 |
_aTagore, Rabindranath, _d1861-1941 _xCriticism and interpretation. _9135688 |
||
| 942 |
_2ddc _cBK _02 |
||
| 999 |
_c44186 _d44186 |
||